Tratado de psicoterapia /

Guardado en:
Autor Principal: Schilder, Paul
Formato: Libro
Publicado: Buenos Aires : Paid¢s, 1965
Edición:2a. ed.
Materias:
Etiquetas: Agregar Etiqueta
Sin Etiquetas, Sea el primero en etiquetar este registro!
LEADER 00646nam a22002295a 4500
001 CEM.cems005884
005 20060214000000.0
008 130507s1965##################000#0#####d
003 CEMS
082 0 4 |a 616.89 
100 1 |a Schilder, Paul 
245 1 0 |a Tratado de psicoterapia / 
250 |a 2a. ed. 
260 |a Buenos Aires :  |b Paid¢s,  |c 1965 
300 |a 313 p. 
505 0 |a La psicoterapia.-El hipnoan lisis.-La lectura terap'utica.-La higiene mental. 
653 |a Epilepsia 
653 |a Esquizofrenia 
653 |a Medicina 
653 |a Neurosis 
653 |a Psicoterapia 
859 |a CEMS  |b BIB. CEMS - 11 de abril  |h 616.89  |i Sc32  |p 329.73  |t Ej.1